[Event "CRO-chT U20 22nd"]
[Site "Durdevac"]
[Date "2013.03.28"]
[Round "7"]
[White "Dubrovic, Gabriel"]
[Black "Lausic, Mirko"]
[Result "1-0"]
[WhiteElo "1816"]
[BlackElo "1815"]
[PlyCount "63"]
[EventDate "2013.03.25"]
[EventType "team-tourn"]
[EventRounds "9"]
[EventCountry "CRO"]
[SourceTitle "CBM 153 Extra"]
[Source "ChessBase"]
[SourceDate "2013.04.22"]
[SourceVersion "1"]
[SourceVersionDate "2013.04.22"]
[SourceQuality "1"]

1. c4 Nf6 2. d4 c5 3. d5 e6 4. dxe6 fxe6 5. Nf3 d5 6. e3 Be7 7. Be2 0-0 8. 0-0 Nc6 9. cxd5 exd5 10. Bd2 Qc7 11. Na3 Ng4 12. g3 Nge5 13. Nxe5 Nxe5 14. f4 Nf7 15. Bc3 Bh3 16. Re1 Rad8 17. Rc1 Qd7 18. Nc2 Nh6 19. b4 Qe6 20. Bf3 Bg4 21. bxc5 Bxc5 22. Nd4 Qd7 23. Nb3 Bb6 24. Bd4 Bxf3 25. Qxf3 Bxd4 26. exd4 Nf5 27. Nc5 Qb5 28. Ne6 Qb2 29. Nxf8 Kxf8 30. Qf2 Qxf2+ 31. Kxf2 Nxd4 32. Rc7 1-0